Top six all time Greek goal scorers in Superleague - Statistics

General Stats
  • This quiz has been taken 7 times
  • The average score is 4 of 6
Answer Stats
Hint Answer % Correct
Panionios, AEK Athens Thomas Mavros
100%
AEK Athens Mimis Papaioannou
83%
Olympiacos Giorgos Sideris
67%
Panionios, Olympiacos, Ionikos Nikos Anastopoulos
67%
Panathinaikos, Olympiacos Antonis Antoniadis
50%
Veria, AEK Athens, Olympiacos, Kallithea Alexis Alexandris
33%
No matching quizzes found
Score Distribution
Percent of People with Each Score
Percentile by Number Answered
Your Score History
You have not taken this quiz